Case Study: Current Functionating of Human Resources in Philip Morris and Working with Talents

Analýza súčasného fungovania ľudských zdrojov a práce s talentmi na príklade veľkej svetovej spoločnosti. Na základe analýzy všetkých dostupných verejných informácií o spoločnosti, pozorovaním a skúsenosťami, vytvorený popis súčasného fungovania ľudských zdrojov vo Philip Morris a práce s talentom....

Full description

Saved in:
Bibliographic Details
Main Author: Jelínková, Lucie
Format: Book Chapter
Language:English
Subjects:
Tags: Add Tag
No Tags, Be the first to tag this record!

MARC

LEADER 00000naa a2200000 4500
001 0258074
005 20240208110028.2
041 0 |a eng 
044 |a SK 
245 1 0 |a Case Study: Current Functionating of Human Resources in Philip Morris and Working with Talents  |c Lucie Jelínková 
520 |a Analýza súčasného fungovania ľudských zdrojov a práce s talentmi na príklade veľkej svetovej spoločnosti. Na základe analýzy všetkých dostupných verejných informácií o spoločnosti, pozorovaním a skúsenosťami, vytvorený popis súčasného fungovania ľudských zdrojov vo Philip Morris a práce s talentom. Analýza výberu zamestnancov, pracovnoprávne vzťahy, odborná príprava zamestnancov, odmeňovanie, motivácia, stimulácia zamestnancov a ďalšie. Vytvorenie súhrnu súčasného fungovania ľudských zdrojov a odporúčania na jeho zlepšenie. 
610 2 0 |a zdroje ľudské 
610 2 0 |a riadenie ľudských zdrojov 
610 2 0 |a priemysel tabakový 
610 2 0 |a talenty 
610 2 0 |a výber pracovníkov 
610 2 0 |a podnik veľký 
100 1 |a Jelínková, Lucie